<?xml version="1.0" encoding="UTF-8"?><?xml-stylesheet type="text/xsl" href="static/style.xsl"?><OAI-PMH xmlns="http://www.openarchives.org/OAI/2.0/" xmlns:xsi="http://www.w3.org/2001/XMLSchema-instance" xsi:schemaLocation="http://www.openarchives.org/OAI/2.0/ http://www.openarchives.org/OAI/2.0/OAI-PMH.xsd"><responseDate>2026-04-28T09:59:48Z</responseDate><request verb="GetRecord" identifier="oai:riubu.ubu.es:10259/8549" metadataPrefix="marc">https://riubu.ubu.es/oai/request</request><GetRecord><record><header><identifier>oai:riubu.ubu.es:10259/8549</identifier><datestamp>2024-02-14T13:18:57Z</datestamp><setSpec>com_10259_7396</setSpec><setSpec>com_10259.4_2505</setSpec><setSpec>com_10259.4_106</setSpec><setSpec>com_10259_2604</setSpec><setSpec>col_10259_8515</setSpec></header><metadata><record xmlns="http://www.loc.gov/MARC21/slim" xmlns:doc="http://www.lyncode.com/xoai" xmlns:xsi="http://www.w3.org/2001/XMLSchema-instance" xmlns:dcterms="http://purl.org/dc/terms/" xsi:schemaLocation="http://www.loc.gov/MARC21/slim http://www.loc.gov/standards/marcxml/schema/MARC21slim.xsd">
<leader>00925njm 22002777a 4500</leader>
<datafield tag="042" ind1=" " ind2=" ">
<subfield code="a">dc</subfield>
</datafield>
<datafield tag="720" ind1=" " ind2=" ">
<subfield code="a">Porres Benito, José Ángel</subfield>
<subfield code="e">author</subfield>
</datafield>
<datafield tag="720" ind1=" " ind2=" ">
<subfield code="a">Ibáñez García, Sergio</subfield>
<subfield code="e">author</subfield>
</datafield>
<datafield tag="720" ind1=" " ind2=" ">
<subfield code="a">Ortiz Palacio, Santiago</subfield>
<subfield code="e">author</subfield>
</datafield>
<datafield tag="720" ind1=" " ind2=" ">
<subfield code="a">López Ausín, Víctor</subfield>
<subfield code="e">author</subfield>
</datafield>
<datafield tag="260" ind1=" " ind2=" ">
<subfield code="c">2016</subfield>
</datafield>
<datafield tag="520" ind1=" " ind2=" ">
<subfield code="a">The location of main surface fault zones, identified by means of the geophysical technique is&#xd;
nowadays being resolved successfully. The aim of this research is to develop a suitable methodology for the&#xd;
interpretation of Electrical Resistivity Tomography (ERT) 2D images, specifically applied to the preliminary&#xd;
detection of surface faults and structural characterization of active and non-active fault on limestone sites.&#xd;
This work compiles tests and research performed on well-known objectives and analyses the effects of the&#xd;
main factors that condition resistivity images, in order to help in the resistivity profile interpretation. In relation to the study, we highlight the good correlation between the laboratory test and the field works.</subfield>
</datafield>
<datafield tag="024" ind2=" " ind1="8">
<subfield code="a">978-0-9946261-2-7</subfield>
</datafield>
<datafield tag="024" ind2=" " ind1="8">
<subfield code="a">978-0-9946261-1-0</subfield>
</datafield>
<datafield tag="024" ind2=" " ind1="8">
<subfield code="a">http://hdl.handle.net/10259/8549</subfield>
</datafield>
<datafield tag="245" ind1="0" ind2="0">
<subfield code="a">Fractures location on karstified limestone surfaces by Electrical Resistivity Tomography Characterization</subfield>
</datafield>
</record></metadata></record></GetRecord></OAI-PMH>